| 000 | 00800nam a2200205Ia 4500 | ||
|---|---|---|---|
| 003 | Ost | ||
| 005 | 20260507075131.0 | ||
| 008 | 260507s9999||||xx |||||||||||||| ||und|| | ||
| 040 | _cfsecg | ||
| 041 | _aara | ||
| 082 | _a330 | ||
| 100 |
_aالورفلي، أحمد _eمؤلف |
||
| 245 | 0 |
_aتوزيع أرباح الشركات التجارية / _c أحمد الورفلي |
|
| 260 |
_aالإسكندرية: _bالمكتب الجامعي الحديث, _c2006 |
||
| 300 |
_a473 صفحة؛ _bإيضاحات ؛ _c24 سم |
||
| 520 | _aقرار توزيع الأرباح- منازعات توزيع الأرباح- إتخاذ قرار التوزيع- محتوى قرار التوزيع وتنفيذه. | ||
| 653 | _aالأرباح | ||
| 653 | _aالشركات التجارية | ||
| 942 | _cكتاب | ||
| 999 |
_c43214 _d43214 |
||